[Event "MP do lat 16 - dziewczeta"]
[Site "Sypniewo"]
[Date "2022.03.19"]
[Round "1.16"]
[White "Janikowska, Wiktoria"]
[Black "Biniak, Zuzanna"]
[Result "0-1"]
[BlackElo "1257"]
[WhiteElo "1564"]
[LiveChessVersion "1.4.8"]

1. d4 {[%clk 1:30:57]} d6 {[%clk 1:30:54]} 2. e4 {[%clk 1:31:19]} Nf6
{[%clk 1:31:17]} 3. Nc3 {[%clk 1:31:38]} g6 {[%clk 1:31:34]} 4. f3
{[%clk 1:31:49]} Bg7 {[%clk 1:31:50]} 5. Be3 {[%clk 1:31:59]} Nbd7
{[%clk 1:30:45]} 6. Qd2 {[%clk 1:31:49]} O-O {[%clk 1:30:04]} 7. O-O-O
{[%clk 1:31:51]} e5 {[%clk 1:28:14]} 8. Nge2 {[%clk 1:30:27]} c6 {[%clk 1:25:32]}
9. g4 {[%clk 1:28:24]} Qe7 {[%clk 1:05:18]} 10. Ng3 {[%clk 1:26:21]} exd4
{[%clk 0:57:39]} 11. Bxd4 {[%clk 1:26:30]} Ne5 {[%clk 0:57:37]} 12. Be2
{[%clk 1:23:10]} Ne8 {[%clk 0:52:03]} 13. h3 {[%clk 1:19:16]} b5 {[%clk 0:44:49]}
14. f4 {[%clk 1:16:55]} b4 {[%clk 0:41:31]} 15. fxe5 {[%clk 1:11:42]} bxc3
{[%clk 0:41:17]} 16. Qxc3 {[%clk 1:11:26]} Bxe5 {[%clk 0:40:32]} 17. Bxe5
{[%clk 1:11:38]} Qxe5 {[%clk 0:39:14]} 18. Qxe5 {[%clk 1:10:50]} dxe5
{[%clk 0:39:36]} 19. Rd8 {[%clk 1:10:14]} Nc7 {[%clk 0:35:33]} 20. Rd6
{[%clk 1:08:53]} c5 {[%clk 0:30:53]} 21. Bc4 {[%clk 1:06:57]} Be6
{[%clk 0:27:37]} 22. Be2 {[%clk 1:02:00]} Bc8 {[%clk 0:25:10]} 23. c3
{[%clk 0:54:55]} Ne6 {[%clk 0:22:01]} 24. Rd5 {[%clk 0:52:23]} f6
{[%clk 0:20:45]} 25. Bc4 {[%clk 0:52:01]} Kg7 {[%clk 0:20:24]} 26. Rhd1
{[%clk 0:49:26]} Nf4 {[%clk 0:17:48]} 27. Rxc5 {[%clk 0:49:00]} Nxh3
{[%clk 0:17:58]} 28. Rc7+ {[%clk 0:48:27]} Kh8 {[%clk 0:18:12]} 29. Be2
{[%clk 0:42:34]} Be6 {[%clk 0:11:43]} 30. Kc2 {[%clk 0:39:24]} Rf7
{[%clk 0:07:13]} 31. Rxf7 {[%clk 0:35:59]} Bxf7 {[%clk 0:07:37]} 32. Rd7
{[%clk 0:34:32]} Kg8 {[%clk 0:07:38]} 33. Rd6 {[%clk 0:33:59]} Kg7
{[%clk 0:07:53]} 34. b3 {[%clk 0:33:09]} a5 {[%clk 0:07:16]} 35. Ra6
{[%clk 0:27:10]} Rxa6 {[%clk 0:06:16]} 36. Bxa6 {[%clk 0:27:34]} Be6
{[%clk 0:06:44]} 37. Be2 {[%clk 0:27:48]} Nf2 {[%clk 0:07:06]} 38. c4
{[%clk 0:26:23]} Nxg4 {[%clk 0:07:17]} 39. c5 {[%clk 0:26:14]} Nf2
{[%clk 0:05:58]} 40. Ba6 {[%clk 0:51:53]} h5 {[%clk 0:35:47]} 41. Bb7
{[%clk 0:42:53]} h4 {[%clk 0:34:48]} 42. Nf1 {[%clk 0:43:04]} g5 {[%clk 0:34:04]}
43. Kd2 {[%clk 0:40:29]} g4 {[%clk 0:33:29]} 44. Ke3 {[%clk 0:37:11]} Nd1+
{[%clk 0:30:46]} 45. Ke2 {[%clk 0:34:25]} Nc3+ {[%clk 0:29:47]} 46. Kf2
{[%clk 0:33:38]} g3+ {[%clk 0:23:53]} 47. Kg2 {[%clk 0:29:14]} Ne2
{[%clk 0:23:30]} 48. Ne3 {[%clk 0:16:18]} h3+ {[%clk 0:20:13]} 49. Kh1
{[%clk 0:16:27]} g2+ {[%clk 0:18:39]} 50. Nxg2 {[%clk 0:16:46]} hxg2+
{[%clk 0:19:05]} 51. Kxg2 {[%clk 0:17:09]} Nc3 {[%clk 0:19:30]} 52. Kf3
{[%clk 0:12:37]} Nxa2 {[%clk 0:19:30]} 53. c6 {[%clk 0:12:50]} Nc1
{[%clk 0:18:48]} 54. c7 {[%clk 0:12:55]} Nxb3 {[%clk 0:19:09]} 55. c8=Q
{[%clk 0:11:44]} Bxc8 {[%clk 0:19:33]} 56. Bxc8 {[%clk 0:12:08]} a4
{[%clk 0:19:54]} 57. Ke3 {[%clk 0:10:15]} a3 {[%clk 0:20:06]} 58. Be6
{[%clk 0:10:39]} Nc1 {[%clk 0:19:53]} 59. Kd2 {[%clk 0:07:59]} a2
{[%clk 0:20:11]} 60. Bxa2 {[%clk 0:08:21]} Nxa2 {[%clk 0:20:36]} 61. Kd3
{[%clk 0:07:50]} Nb4+ {[%clk 0:20:27]} 62. Kc4 {[%clk 0:08:13]} Nc6
{[%clk 0:20:45]} 63. Kd5 {[%clk 0:08:34]} Nd4 {[%clk 0:21:01]} 64. Kc4
{[%clk 0:08:55]} Kg6 {[%clk 0:20:59]} 65. Kd5 {[%clk 0:09:07]} Kg5
{[%clk 0:21:15]} 66. Kc4 {[%clk 0:09:31]} Kf4 {[%clk 0:21:21]} 67. Kd5
{[%clk 0:09:55]} f5 {[%clk 0:21:42]} 68. exf5 {[%clk 0:10:20]} Nxf5 0-1

[Event "MP do lat 16 - dziewczeta"]
[Site "Sypniewo"]
[Date "2022.03.19"]
[Round "1.18"]
[White "Dallemura, Anna"]
[Black "Pieczewska, Jadwiga"]
[Result "1/2-1/2"]
[BlackElo "1234"]
[WhiteElo "1518"]
[LiveChessVersion "1.4.8"]

1. e4 {[%clk 1:30:58]} e6 {[%clk 1:30:55]} 2. d4 {[%clk 1:31:23]} d5
{[%clk 1:31:20]} 3. Nc3 {[%clk 1:31:35]} dxe4 {[%clk 1:29:21]} 4. Nxe4
{[%clk 1:31:49]} Bd7 {[%clk 1:29:35]} 5. c3 {[%clk 1:26:49]} Bc6 {[%clk 1:27:29]}
6. Ng3 {[%clk 1:21:07]} Nd7 {[%clk 1:26:19]} 7. Nf3 {[%clk 1:19:35]} Ngf6
{[%clk 1:25:51]} 8. Bd3 {[%clk 1:18:35]} Bd6 {[%clk 1:19:45]} 9. Qe2
{[%clk 1:07:22]} O-O {[%clk 1:17:31]} 10. O-O {[%clk 1:06:36]} Re8
{[%clk 1:15:46]} 11. Ne5 {[%clk 0:47:04]} Bxe5 {[%clk 0:45:16]} 12. dxe5
{[%clk 0:46:50]} Nd5 {[%clk 0:45:34]} 13. f4 {[%clk 0:36:49]} Nc5
{[%clk 0:40:03]} 14. Bc2 {[%clk 0:35:35]} Qe7 {[%clk 0:32:22]} 15. f5
{[%clk 0:29:38]} f6 {[%clk 0:27:44]} 16. Qg4 {[%clk 0:18:28]} fxe5
{[%clk 0:22:26]} 17. Nh5 {[%clk 0:15:08]} Nf6 {[%clk 0:17:47]} 18. Nxf6+
{[%clk 0:14:30]} Qxf6 {[%clk 0:18:10]} 19. fxe6 {[%clk 0:14:27]} Qxe6
{[%clk 0:18:31]} 20. Bf5 {[%clk 0:13:36]} Qd6 {[%clk 0:14:11]} 21. b4
{[%clk 0:11:40]} Na4 {[%clk 0:12:47]} 22. Rd1 {[%clk 0:10:08]} Qf6
{[%clk 0:10:42]} 23. Bg5 {[%clk 0:08:36]} Qf8 {[%clk 0:09:45]} 24. Be6+
{[%clk 0:06:23]} Kh8 {[%clk 0:09:29]} 25. Rf1 {[%clk 0:06:30]} Qd6
{[%clk 0:09:03]} 26. Bf7 {[%clk 0:06:11]} Rf8 {[%clk 0:08:00]} 27. Rad1
{[%clk 0:05:36]} Bd5 {[%clk 0:05:29]} 28. Bxd5 {[%clk 0:01:15]} Rxf1+
{[%clk 0:04:21]} 29. Kxf1 {[%clk 0:01:31]} Nxc3 {[%clk 0:04:09]} 30. Re1
{[%clk 0:00:35]} Nxd5 {[%clk 0:04:02]} 31. a3 {[%clk 0:00:40]} Rf8+
{[%clk 0:04:15]} 32. Kg1 {[%clk 0:00:57]} Qb6+ {[%clk 0:04:02]} 33. Kh1
{[%clk 0:01:05]} Qf2 {[%clk 0:03:59]} 34. Rg1 {[%clk 0:01:12]} e4
{[%clk 0:02:53]} 35. Qxe4 {[%clk 0:00:49]} Nc3 {[%clk 0:02:41]} 36. Qe3
{[%clk 0:00:45]} Qxe3 {[%clk 0:02:22]} 37. Bxe3 {[%clk 0:01:13]} a6
{[%clk 0:02:39]} 38. h3 {[%clk 0:01:18]} Ne2 {[%clk 0:02:31]} 39. Re1
{[%clk 0:01:35]} Ng3+ {[%clk 0:02:18]} 40. Kg1 {[%clk 0:31:49]} h6
{[%clk 0:32:13]} 41. Rd1 {[%clk 0:31:02]} Rf7 {[%clk 0:31:54]} 42. a4
{[%clk 0:29:09]} Ne2+ {[%clk 0:31:21]} 43. Kh2 {[%clk 0:29:26]} Nc3
{[%clk 0:31:34]} 44. Rd8+ {[%clk 0:29:01]} Kh7 {[%clk 0:31:53]} 45. a5
{[%clk 0:29:08]} c6 {[%clk 0:30:37]} 46. Rd2 {[%clk 0:26:18]} Nd5
{[%clk 0:30:01]} 47. Bc5 {[%clk 0:26:34]} Rf4 {[%clk 0:29:12]} 48. Rb2
{[%clk 0:26:30]} g5 {[%clk 0:29:03]} 49. g3 {[%clk 0:22:12]} Rf5 {[%clk 0:23:58]}
50. Kg2 {[%clk 0:20:25]} Kg6 {[%clk 0:22:46]} 51. Re2 {[%clk 0:19:48]} h5
{[%clk 0:18:09]} 52. Re8 {[%clk 0:18:17]} Rf7 {[%clk 0:17:46]} 53. Re5
{[%clk 0:13:23]} h4 {[%clk 0:15:26]} 54. Re8 {[%clk 0:07:03]} hxg3
{[%clk 0:06:32]} 1/2-1/2

[Event "MP do lat 16 - dziewczeta"]
[Site "Sypniewo"]
[Date "2022.03.19"]
[Round "1.19"]
[White "Wiecek, Karolina"]
[Black "Giemza, Julia"]
[Result "0-1"]
[BlackElo "1512"]
[WhiteElo "1227"]
[LiveChessVersion "1.4.8"]

1. d4 {[%clk 1:30:57]} Nf6 {[%clk 1:30:56]} 2. c4 {[%clk 1:31:08]} g6
{[%clk 1:31:21]} 3. Nc3 {[%clk 1:31:31]} Bg7 {[%clk 1:31:42]} 4. Bg5
{[%clk 1:31:15]} d6 {[%clk 1:31:16]} 5. e3 {[%clk 1:30:45]} Nbd7 {[%clk 1:29:49]}
6. Bd3 {[%clk 1:29:10]} e5 {[%clk 1:27:36]} 7. Nf3 {[%clk 1:22:36]} O-O
{[%clk 1:25:17]} 8. O-O {[%clk 1:22:35]} Re8 {[%clk 1:23:03]} 9. dxe5
{[%clk 1:06:20]} dxe5 {[%clk 1:22:09]} 10. e4 {[%clk 1:05:58]} c6
{[%clk 1:20:53]} 11. b4 {[%clk 1:02:09]} Qc7 {[%clk 1:15:48]} 12. Qb3
{[%clk 0:56:49]} Nb6 {[%clk 1:09:03]} 13. Rac1 {[%clk 0:50:08]} Bg4
{[%clk 1:03:14]} 14. Be2 {[%clk 0:44:29]} h6 {[%clk 0:53:58]} 15. Be3
{[%clk 0:40:52]} Rad8 {[%clk 0:49:19]} 16. Rfd1 {[%clk 0:38:44]} Nfd7
{[%clk 0:45:07]} 17. h3 {[%clk 0:36:51]} Be6 {[%clk 0:44:14]} 18. Na4
{[%clk 0:33:20]} f5 {[%clk 0:35:52]} 19. exf5 {[%clk 0:29:48]} gxf5
{[%clk 0:36:04]} 20. Nc5 {[%clk 0:26:05]} Bf7 {[%clk 0:27:56]} 21. Nxd7
{[%clk 0:25:04]} Rxd7 {[%clk 0:27:27]} 22. Qc2 {[%clk 0:19:42]} Be6
{[%clk 0:21:30]} 23. a4 {[%clk 0:16:27]} Red8 {[%clk 0:17:35]} 24. Rxd7
{[%clk 0:15:04]} Rxd7 {[%clk 0:17:10]} 25. a5 {[%clk 0:15:04]} Nc8
{[%clk 0:17:14]} 26. Rd1 {[%clk 0:12:51]} Rf7 {[%clk 0:14:23]} 27. Bc5
{[%clk 0:11:47]} f4 {[%clk 0:12:04]} 28. Qd3 {[%clk 0:04:32]} Rd7
{[%clk 0:11:06]} 29. Qg6 {[%clk 0:02:31]} Rxd1+ {[%clk 0:10:26]} 30. Bxd1
{[%clk 0:02:55]} Bf7 {[%clk 0:10:40]} 31. Qe4 {[%clk 0:02:43]} b6
{[%clk 0:10:30]} 32. axb6 {[%clk 0:02:45]} axb6 {[%clk 0:10:58]} 33. Bxb6
{[%clk 0:02:48]} Nxb6 {[%clk 0:11:03]} 34. c5 {[%clk 0:02:43]} Nd5
{[%clk 0:11:00]} 0-1

[Event "MP do lat 16 - dziewczeta"]
[Site "Sypniewo"]
[Date "2022.03.19"]
[Round "1.20"]
[White "Gornisiewicz, Natalia"]
[Black "Walendykiewicz, Martyna"]
[Result "1/2-1/2"]
[BlackElo "1224"]
[WhiteElo "1485"]
[LiveChessVersion "1.4.8"]

1. Nf3 {[%clk 1:30:56]} Nf6 {[%clk 1:30:48]} 2. g3 {[%clk 1:31:17]} d5
{[%clk 1:31:05]} 3. Bg2 {[%clk 1:31:38]} Bf5 {[%clk 1:30:50]} 4. d3
{[%clk 1:31:20]} e6 {[%clk 1:29:42]} 5. Nbd2 {[%clk 1:30:27]} Nc6
{[%clk 1:28:32]} 6. O-O {[%clk 1:27:24]} Be7 {[%clk 1:25:43]} 7. h3
{[%clk 1:23:41]} h6 {[%clk 1:23:21]} 8. Nh2 {[%clk 1:19:42]} O-O {[%clk 1:21:12]}
9. e4 {[%clk 1:16:28]} dxe4 {[%clk 1:18:32]} 10. Nxe4 {[%clk 1:16:02]} Bxe4
{[%clk 1:17:29]} 11. dxe4 {[%clk 1:15:01]} e5 {[%clk 1:16:21]} 12. c3
{[%clk 1:13:18]} Qxd1 {[%clk 1:14:39]} 13. Rxd1 {[%clk 1:13:39]} Rad8
{[%clk 1:11:34]} 14. Be3 {[%clk 1:12:40]} a6 {[%clk 1:08:41]} 15. Nf1
{[%clk 1:08:07]} Na5 {[%clk 1:02:38]} 16. Nd2 {[%clk 1:04:48]} b5
{[%clk 1:01:32]} 17. b4 {[%clk 1:03:02]} Nb7 {[%clk 1:00:51]} 18. f4
{[%clk 1:01:13]} Bd6 {[%clk 0:59:24]} 19. f5 {[%clk 0:58:54]} Nh7
{[%clk 0:48:31]} 20. Nb3 {[%clk 0:56:17]} Be7 {[%clk 0:47:27]} 21. h4
{[%clk 0:52:17]} Nf6 {[%clk 0:46:41]} 22. Bf3 {[%clk 0:51:14]} Kh7
{[%clk 0:43:06]} 23. g4 {[%clk 0:44:56]} Rxd1+ {[%clk 0:34:01]} 24. Rxd1
{[%clk 0:45:17]} Rd8 {[%clk 0:34:19]} 25. Rxd8 {[%clk 0:43:25]} Bxd8
{[%clk 0:34:47]} 26. g5 {[%clk 0:38:30]} Nd7 {[%clk 0:34:03]} 27. Bh5
{[%clk 0:36:28]} Kg8 {[%clk 0:32:14]} 28. Kg2 {[%clk 0:29:33]} Nd6
{[%clk 0:31:05]} 29. Nd2 {[%clk 0:27:58]} hxg5 {[%clk 0:28:37]} 30. hxg5
{[%clk 0:27:55]} c6 {[%clk 0:27:48]} 31. Bd1 {[%clk 0:25:59]} Bb6
{[%clk 0:25:45]} 32. Bxb6 {[%clk 0:23:46]} Nxb6 {[%clk 0:26:13]} 33. Bb3
{[%clk 0:23:17]} Nbc4 {[%clk 0:25:48]} 34. Bxc4 {[%clk 0:17:58]} Nxc4
{[%clk 0:25:05]} 35. Nxc4 {[%clk 0:04:31]} bxc4 {[%clk 0:25:29]} 36. Kf2
{[%clk 0:04:36]} Kf8 {[%clk 0:25:44]} 37. Ke2 {[%clk 0:04:56]} Ke7
{[%clk 0:26:10]} 38. Kd2 {[%clk 0:05:19]} Kd6 {[%clk 0:25:33]} 39. Kc2
{[%clk 0:05:39]} Kc7 {[%clk 0:23:54]} 40. Kb2 {[%clk 0:30:43]} Kb6
{[%clk 0:53:10]} 41. a4 {[%clk 0:28:18]} Kc7 {[%clk 0:51:38]} 42. Ka2
{[%clk 0:23:49]} Kb6 {[%clk 0:51:59]} 43. a5+ {[%clk 0:20:01]} Kc7
{[%clk 0:51:45]} 44. Kb2 {[%clk 0:19:08]} Kd7 {[%clk 0:52:11]} 45. Ka2
{[%clk 0:18:52]} Ke7 {[%clk 0:52:36]} 46. Kb2 {[%clk 0:18:15]} Kf8
{[%clk 0:52:47]} 47. Kc2 {[%clk 0:16:24]} Kg8 {[%clk 0:53:12]} 48. Kd2
{[%clk 0:16:04]} Kh7 {[%clk 0:53:37]} 49. Ke3 {[%clk 0:16:22]} f6
{[%clk 0:53:28]} 50. gxf6 {[%clk 0:13:44]} gxf6 {[%clk 0:53:51]} 51. Kf3
{[%clk 0:13:53]} Kg7 {[%clk 0:53:58]} 52. Kg4 {[%clk 0:13:51]} Kf7
{[%clk 0:54:01]} 53. Kh5 {[%clk 0:13:46]} Kg7 {[%clk 0:54:24]} 54. Kg4
{[%clk 0:14:06]} Kf7 {[%clk 0:54:47]} 1/2-1/2

[Event "MP do lat 16 - dziewczeta"]
[Site "Sypniewo"]
[Date "2022.03.19"]
[Round "1.21"]
[White "Gac-Mytych, Sara"]
[Black "Szczotka, Matylda"]
[Result "0-1"]
[BlackElo "1479"]
[WhiteElo "1202"]
[LiveChessVersion "1.4.8"]

1. e4 {[%clk 1:30:57]} e5 {[%clk 1:30:54]} 2. Bc4 {[%clk 1:31:22]} Bc5
{[%clk 1:31:17]} 3. d3 {[%clk 1:31:29]} Nf6 {[%clk 1:31:04]} 4. Nf3
{[%clk 1:30:48]} d6 {[%clk 1:30:48]} 5. O-O {[%clk 1:30:10]} Nc6 {[%clk 1:29:39]}
6. Nc3 {[%clk 1:22:00]} h6 {[%clk 1:27:10]} 7. Na4 {[%clk 0:55:15]} Bb6
{[%clk 1:25:28]} 8. Nxb6 {[%clk 0:48:47]} axb6 {[%clk 1:25:35]} 9. c3
{[%clk 0:45:58]} O-O {[%clk 1:24:36]} 10. h3 {[%clk 0:46:03]} Bd7
{[%clk 1:03:23]} 11. Re1 {[%clk 0:30:52]} Na5 {[%clk 0:56:31]} 12. Nd2
{[%clk 0:29:12]} Nh7 {[%clk 0:44:42]} 13. b4 {[%clk 0:19:42]} Nxc4
{[%clk 0:36:44]} 14. Nxc4 {[%clk 0:18:36]} f5 {[%clk 0:31:50]} 15. Rf1
{[%clk 0:05:50]} f4 {[%clk 0:29:36]} 16. f3 {[%clk 0:02:16]} Ng5 {[%clk 0:23:36]}
17. Kh2 {[%clk 0:01:59]} Nxh3 {[%clk 0:13:22]} 18. gxh3 Qh4 {[%clk 0:13:34]} 19.
Qe1 {[%clk 0:01:35]} Qxh3+ {[%clk 0:13:41]} 20. Kg1 {[%clk 0:01:57]} Rf6
{[%clk 0:12:54]} 21. Rf2 {[%clk 0:01:24]} Rg6+ {[%clk 0:13:13]} 22. Rg2
{[%clk 0:01:48]} Qxg2# {[%clk 0:13:39]} 0-1

[Event "MP do lat 16 - dziewczeta"]
[Site "Sypniewo"]
[Date "2022.03.19"]
[Round "1.22"]
[White "Pietrzak, Emilia"]
[Black "Jureczko, Anna"]
[Result "1-0"]
[BlackElo "1200"]
[WhiteElo "1474"]
[LiveChessVersion "1.4.8"]

1. d4 {[%clk 1:30:59]} d5 {[%clk 1:30:53]} 2. c4 {[%clk 1:31:24]} c6
{[%clk 1:31:18]} 3. Nf3 {[%clk 1:31:49]} Nf6 {[%clk 1:28:35]} 4. Nbd2
{[%clk 1:31:50]} Bf5 {[%clk 1:22:18]} 5. g3 {[%clk 1:31:36]} Nbd7
{[%clk 1:20:51]} 6. Bg2 {[%clk 1:30:05]} e6 {[%clk 1:19:38]} 7. Nh4
{[%clk 1:29:03]} Bg6 {[%clk 1:19:42]} 8. Nxg6 {[%clk 1:28:26]} hxg6
{[%clk 1:20:04]} 9. O-O {[%clk 1:26:45]} Bb4 {[%clk 1:16:37]} 10. Qc2
{[%clk 1:17:31]} dxc4 {[%clk 1:10:43]} 11. Nxc4 {[%clk 1:15:49]} Nb6
{[%clk 1:09:09]} 12. Rd1 {[%clk 1:12:59]} Nxc4 {[%clk 1:07:40]} 13. Qxc4
{[%clk 1:13:04]} Bd6 {[%clk 1:07:58]} 14. e4 {[%clk 1:03:52]} Bc7
{[%clk 1:07:42]} 15. Bg5 {[%clk 1:01:14]} Rh5 {[%clk 1:02:00]} 16. h4
{[%clk 0:54:35]} Qd7 {[%clk 1:02:03]} 17. Bf3 {[%clk 0:53:52]} Rh8
{[%clk 1:02:14]} 18. Bxf6 {[%clk 0:48:34]} gxf6 {[%clk 1:02:32]} 19. d5
{[%clk 0:47:36]} cxd5 {[%clk 0:57:36]} 20. exd5 {[%clk 0:46:16]} Be5
{[%clk 0:43:44]} 21. dxe6 {[%clk 0:43:20]} Qxe6 {[%clk 0:43:59]} 22. Bd5
{[%clk 0:40:04]} Qd7 {[%clk 0:42:00]} 23. Qe4 {[%clk 0:35:47]} Qe7
{[%clk 0:38:26]} 24. Bxb7 {[%clk 0:30:02]} Rb8 {[%clk 0:38:44]} 25. Bc6+
{[%clk 0:29:54]} Kf8 {[%clk 0:39:02]} 26. Rd7 {[%clk 0:29:43]} Qc5
{[%clk 0:38:21]} 27. Qd5 {[%clk 0:21:06]} Qb6 {[%clk 0:37:37]} 28. Qxf7# 1-0

[Event "MP do lat 16 - dziewczeta"]
[Site "Sypniewo"]
[Date "2022.03.19"]
[Round "1.23"]
[White "Reszka, Barbara"]
[Black "Gaczol, Julia"]
[Result "0-1"]
[BlackElo "1462"]
[WhiteElo "1156"]
[LiveChessVersion "1.4.8"]

1. e4 {[%clk 1:30:58]} c5 {[%clk 1:30:49]} 2. Nf3 {[%clk 1:31:16]} d6
{[%clk 1:31:14]} 3. Bb5+ {[%clk 1:31:17]} Bd7 {[%clk 1:31:37]} 4. Bxd7+
{[%clk 1:31:33]} Qxd7 {[%clk 1:32:01]} 5. c3 {[%clk 1:30:42]} Nf6
{[%clk 1:30:16]} 6. Qe2 {[%clk 1:29:19]} e6 {[%clk 1:29:26]} 7. d4
{[%clk 1:27:11]} cxd4 {[%clk 1:27:59]} 8. cxd4 {[%clk 1:26:17]} d5
{[%clk 1:26:43]} 9. exd5 {[%clk 1:20:29]} Nxd5 {[%clk 1:24:39]} 10. O-O
{[%clk 1:15:24]} Be7 {[%clk 1:21:50]} 11. Be3 {[%clk 1:08:23]} Nc6
{[%clk 1:19:09]} 12. Nbd2 {[%clk 1:06:07]} O-O {[%clk 1:15:21]} 13. Nc4
{[%clk 1:02:03]} Rac8 {[%clk 1:07:55]} 14. Rac1 {[%clk 0:57:01]} Rfd8
{[%clk 0:58:34]} 15. Rfd1 {[%clk 0:51:05]} h6 {[%clk 0:44:28]} 16. a3
{[%clk 0:33:24]} Bf6 {[%clk 0:40:29]} 17. b4 {[%clk 0:29:52]} Nce7
{[%clk 0:34:57]} 18. Nfe5 {[%clk 0:23:19]} Qe8 {[%clk 0:25:01]} 19. h3
{[%clk 0:18:56]} Nf5 {[%clk 0:17:28]} 20. Qf3 {[%clk 0:16:13]} b6
{[%clk 0:12:01]} 21. Bf4 {[%clk 0:08:01]} Nxf4 {[%clk 0:11:09]} 22. Qxf4
{[%clk 0:04:02]} Bg5 {[%clk 0:10:52]} 23. Qe4 {[%clk 0:03:53]} Bxc1
{[%clk 0:10:49]} 24. Rxc1 {[%clk 0:04:13]} b5 {[%clk 0:09:35]} 25. g4
{[%clk 0:03:29]} Nxd4 {[%clk 0:09:07]} 26. Qe3 {[%clk 0:03:25]} bxc4
{[%clk 0:09:15]} 27. Nxc4 {[%clk 0:03:34]} Qb5 {[%clk 0:08:44]} 28. Qd3
{[%clk 0:02:27]} Qd5 {[%clk 0:07:28]} 29. Qf1 {[%clk 0:02:35]} Nf3+
{[%clk 0:07:49]} 30. Kh1 {[%clk 0:02:51]} Nd2+ {[%clk 0:08:02]} 31. Qg2
{[%clk 0:03:11]} Qxg2+ {[%clk 0:08:28]} 32. Kxg2 {[%clk 0:03:33]} Nxc4
{[%clk 0:08:52]} 0-1

[Event "MP do lat 16 - dziewczeta"]
[Site "Sypniewo"]
[Date "2022.03.19"]
[Round "1.24"]
[White "Kicinska, Magdalena"]
[Black "Boguszewska, Julia"]
[Result "0-1"]
[BlackElo "1034"]
[WhiteElo "1436"]
[LiveChessVersion "1.4.8"]

1. d4 {[%clk 1:30:57]} d5 {[%clk 1:30:56]} 2. Nf3 {[%clk 1:31:21]} Nf6
{[%clk 1:31:21]} 3. Bg5 {[%clk 1:31:44]} Ne4 {[%clk 1:31:41]} 4. Bh4
{[%clk 1:32:05]} c5 {[%clk 1:28:09]} 5. dxc5 {[%clk 1:29:50]} Nc6
{[%clk 1:28:16]} 6. c3 {[%clk 1:27:15]} Nxc5 {[%clk 1:28:19]} 7. e3
{[%clk 1:23:01]} g6 {[%clk 1:26:25]} 8. Nbd2 {[%clk 1:17:23]} Bg7
{[%clk 1:22:27]} 9. Nd4 {[%clk 1:13:36]} Qb6 {[%clk 0:59:56]} 10. N2b3
{[%clk 1:06:47]} e5 {[%clk 0:52:28]} 11. Nb5 {[%clk 1:00:49]} Be6
{[%clk 0:39:03]} 12. Nxc5 {[%clk 0:59:43]} Qxc5 {[%clk 0:32:31]} 13. Nc7+
{[%clk 1:00:03]} Kd7 {[%clk 0:31:49]} 14. Nxa8 {[%clk 0:59:42]} Rxa8
{[%clk 0:31:54]} 15. Be2 {[%clk 0:55:45]} h6 {[%clk 0:30:53]} 16. O-O
{[%clk 0:49:25]} g5 {[%clk 0:29:03]} 17. Bg3 {[%clk 0:49:00]} Ke7
{[%clk 0:20:53]} 18. Qb3 {[%clk 0:46:57]} Rb8 {[%clk 0:16:53]} 19. Qb5
{[%clk 0:45:11]} Qxb5 {[%clk 0:14:58]} 20. Bxb5 {[%clk 0:45:33]} a6
{[%clk 0:15:05]} 21. Ba4 {[%clk 0:44:54]} Rc8 {[%clk 0:12:15]} 22. Rfd1
{[%clk 0:43:21]} Na5 {[%clk 0:10:31]} 23. Rac1 {[%clk 0:31:35]} Nc4
{[%clk 0:07:01]} 24. b4 {[%clk 0:27:49]} Nb2 {[%clk 0:06:22]} 25. Bb3
{[%clk 0:26:13]} Nxd1 {[%clk 0:06:20]} 26. Rxd1 {[%clk 0:22:27]} Rxc3
{[%clk 0:05:47]} 27. h3 {[%clk 0:19:58]} Kd6 {[%clk 0:04:00]} 28. e4
{[%clk 0:19:27]} d4 {[%clk 0:03:56]} 29. Rxd4+ {[%clk 0:19:04]} Ke7
{[%clk 0:03:42]} 30. Rd1 {[%clk 0:14:04]} Bxb3 {[%clk 0:03:50]} 31. axb3
{[%clk 0:14:23]} Rxb3 {[%clk 0:04:07]} 32. f3 {[%clk 0:14:18]} Rxb4
{[%clk 0:03:56]} 33. Bf2 {[%clk 0:14:30]} Rb5 {[%clk 0:03:44]} 34. Kf1
{[%clk 0:11:27]} Ke6 {[%clk 0:02:37]} 35. Ke2 {[%clk 0:11:27]} Bf6
{[%clk 0:02:22]} 36. Be3 {[%clk 0:09:00]} a5 {[%clk 0:01:58]} 37. Kd3
{[%clk 0:08:25]} Be7 {[%clk 0:01:22]} 38. Kc2 {[%clk 0:06:51]} a4
{[%clk 0:01:02]} 39. Ra1 {[%clk 0:06:41]} a3 {[%clk 0:01:04]} 40. Bc1
{[%clk 0:36:30]} Ra5 {[%clk 0:30:58]} 41. Kb3 {[%clk 0:36:03]} Kd7
{[%clk 0:29:22]} 42. Ra2 {[%clk 0:33:09]} b5 {[%clk 0:25:35]} 43. Rd2+
{[%clk 0:25:42]} Ke6 {[%clk 0:22:12]} 44. g4 {[%clk 0:25:12]} b4 {[%clk 0:21:13]}
45. Ra2 {[%clk 0:25:13]} Rb5 {[%clk 0:16:55]} 46. Bd2 {[%clk 0:24:54]} Kd7
{[%clk 0:14:15]} 47. Ra1 {[%clk 0:24:00]} Bd6 {[%clk 0:12:51]} 48. Be3
{[%clk 0:21:47]} Kc6 {[%clk 0:10:56]} 49. Rc1+ {[%clk 0:20:21]} Bc5
{[%clk 0:10:29]} 50. Bd2 {[%clk 0:18:39]} Kb6 {[%clk 0:09:34]} 51. Rc2
{[%clk 0:18:05]} Ra5 {[%clk 0:08:20]} 52. Ra2 {[%clk 0:16:17]} Kb5
{[%clk 0:07:14]} 53. Be1 {[%clk 0:15:50]} Ra6 {[%clk 0:06:54]} 54. Rd2
{[%clk 0:13:20]} a2 {[%clk 0:04:36]} 55. Rxa2 {[%clk 0:13:36]} Rxa2
{[%clk 0:05:03]} 56. Kxa2 {[%clk 0:13:58]} Kc4 {[%clk 0:05:28]} 57. Kb2
{[%clk 0:12:20]} Kd3 {[%clk 0:05:26]} 58. Kb3 {[%clk 0:11:18]} Ke3
{[%clk 0:05:23]} 59. Kc4 {[%clk 0:11:10]} Bf8 {[%clk 0:04:58]} 60. Kd5
{[%clk 0:11:00]} Kxf3 {[%clk 0:02:41]} 61. Bxb4 {[%clk 0:08:15]} Bxb4
{[%clk 0:03:02]} 62. Kxe5 {[%clk 0:08:23]} Kg3 {[%clk 0:03:07]} 63. Kd4 0-1